书目信息 |
| 题名: |
土壤物理学
|
|
| 作者: | 贝弗尔 著 ;张君常 译 | |
| 分册: | ||
| 出版信息: | 北京 科学出版社 1965 |
|
| 页数: | 462页 | |
| 开本: | 21cm | |
| 丛书名: | ||
| 单 册: | ||
| 中图分类: | S152 | |
| 科图分类: | ||
| 主题词: | 土壤物理学 | |
| 电子资源: | ||
| ISBN: | ||
| 000 | 00721nam0 2200253 45 | |
| 001 | 0183001379 | |
| 005 | 20060424103747.37 | |
| 010 | @dCNY2.40 | |
| 091 | @aCN@b13031.2134 | |
| 100 | @a19950724d1965 emky0chiy0121 ea | |
| 101 | 1 | @achi@ceng |
| 102 | @aCN@b110000 | |
| 102 | @aCN@b110000 | |
| 105 | @ay z 000yy | |
| 200 | 10 | @a土壤物理学@Atu rang wu li xue@f(美)L·D·贝弗尔著@F(mei)L·D·bei fu er zhu@g张君常等译@Gzhang jun chang deng yi |
| 210 | @a北京@c科学出版社@d1965 | |
| 215 | @a462页@d21cm | |
| 606 | @a土壤物理学 | |
| 690 | @aS152@v3 | |
| 701 | 1 | @a贝弗尔@Abei fu er@bL.D.@4著 |
| 702 | 0 | @a张君常@Azhang jun chang@4译 |
| 801 | 2 | @aCN@bNLC@c20060424 |
| 801 | 0 | @aCN@bTSSF |
| 905 | @a10447@dS152@e1 | |
| 土壤物理学/(美)L·D·贝弗尔著/张君常等译.-北京:科学出版社,1965 |
| 462页;21cm |
| ISBN :CNY2.40 |
| ● |
| 相关链接 |
|
|
|
|
正题名:土壤物理学
索取号:S152/1
 
预约/预借
| 序号 | 登录号 | 条形码 | 馆藏地/架位号 | 状态 | 备注 |
| 1 | 0011988 | 202280726 | 密集书库/ [索取号:S152/1] | 在馆 |